| 000 -LEADER |
| fixed length control field |
00754nam a22000977a 4500 |
| 008 - FIXED-LENGTH DATA ELEMENTS--GENERAL INFORMATION |
| fixed length control field |
180208b xxu||||| |||| 00| 0 eng d |
| 100 ## - MAIN ENTRY--AUTHOR'S NAME |
| Author's Name |
Wise, Ernest |
| 245 ## - TITLE STATEMENT |
| Title |
Stamps of Sweden and Finland |
| 260 ## - PUBLICATION, DISTRIBUTION, ETC. (IMPRINT) |
| Place of publication, distribution, etc. |
London |
| Name of publisher, distributor, etc. |
William Heinemann Ltd. |
| Date of publication, distribution, etc. |
1975 |
| 650 ## - TOPICAL TERM (Tag) |
| Topical term or geographic name |
Sweden | Finland | Scandinavia | 19th Century | 20th Century | Definitive Issues | Classic Issues | First Issues | Production | Perforation | Imperforate Issues | Errors and Varieties | Printing | Engraving | Plates and Plating | Essays and Proofs | Designs | Postage Dues | Official Mail | Reissues and Reprints | Forgeries and Counterfeits | Stamps -- Histories | Co-Runners | Postal History | Postal Markings | Russian Related | Russian Empire | Russia (-1917) | Finland (Grand Duchy) | Bibliographies |